[Event "Omsk op"]
[Site "Omsk"]
[Date "2013.09.13"]
[Round "4"]
[White "Miminoshvily, Merab"]
[Black "Bogachkova, Alena"]
[Result "0-1"]
[WhiteElo "1787"]
[BlackElo "2129"]
[PlyCount "31"]
[EventDate "2013.09.10"]
[EventType "swiss"]
[EventRounds "9"]
[EventCountry "RUS"]
[SourceTitle "CBM 156 Extra"]
[Source "ChessBase"]
[SourceDate "2013.10.22"]
[SourceVersion "1"]
[SourceVersionDate "2013.10.22"]
[SourceQuality "1"]

1. c4 g6 2. e4 Bg7 3. d4 d6 4. Nc3 e5 5. d5 Ne7 6. Nf3 0-0 7. Be2 b6 8. 0-0 f5 9. exf5 gxf5 10. b3 e4 11. Nd4 Nd7 12. Ne6 Qe8 13. Nxc7 Qf7 14. Nxa8 Bxc3 15. Rb1 Bb7 16. Nc7 0-1

[Event "Omsk op"]
[Site "Omsk"]
[Date "2013.09.11"]
[Round "2"]
[White "Miminoshvily, Merab"]
[Black "Patrashov, Edisher"]
[Result "1/2-1/2"]
[WhiteElo "1787"]
[BlackElo "1703"]
[PlyCount "44"]
[EventDate "2013.09.10"]
[EventType "swiss"]
[EventRounds "9"]
[EventCountry "RUS"]
[SourceTitle "CBM 156 Extra"]
[Source "ChessBase"]
[SourceDate "2013.10.22"]
[SourceVersion "1"]
[SourceVersionDate "2013.10.22"]
[SourceQuality "1"]

1. c4 g6 2. e4 Bg7 3. d4 e6 4. Nc3 Nc6 5. Be3 d6 6. Nf3 Nge7 7. Bd3 0-0 8. 0-0 b6 9. Rc1 Bb7 10. b3 Rc8 11. Re1 e5 12. d5 Nb4 13. Bf1 a5 14. a3 Na6 15. Nb5 f5 16. Bg5 Qe8 17. Bxe7 Qxe7 18. exf5 gxf5 19. Qd2 e4 20. Nfd4 Nc5 21. b4 axb4 22. axb4 Nd7 1/2-1/2

[Event "Omsk op"]
[Site "Omsk"]
[Date "2012.01.29"]
[Round "1"]
[White "Volkov, Alexander2"]
[Black "Miminoshvily, Merab"]
[Result "1-0"]
[WhiteElo "2157"]
[BlackElo "1842"]
[PlyCount "47"]
[EventDate "2012.01.29"]
[EventType "swiss"]
[EventRounds "9"]
[EventCountry "RUS"]
[SourceTitle "EXT 2022"]
[Source "ChessBase"]
[SourceDate "2021.10.06"]
[SourceVersion "1"]
[SourceVersionDate "2021.10.06"]
[SourceQuality "1"]

1. d4 Nf6 2. Nf3 g6 3. Bf4 Bg7 4. Nbd2 d5 5. h3 0-0 6. e3 b6 7. Bd3 Bb7 8. Ne5 Nbd7 9. Ndf3 Rc8 10. c3 c5 11. Qa4 a5 12. Bb5 Nxe5 13. Nxe5 cxd4 14. exd4 Ne4 15. 0-0 Nd6 16. Bd7 Bxe5 17. dxe5 Rc4 18. exd6 Rxa4 19. Bxa4 Kg7 20. d7 Ba6 21. Rfd1 b5 22. Rxd5 bxa4 23. Rad1 f6 24. Rc5 1-0

[Event "Omsk CC-ch final"]
[Site "Omsk"]
[Date "2011.09.04"]
[Round "8"]
[White "Miminoshvily, Merab"]
[Black "Lunga, Oleg"]
[Result "1/2-1/2"]
[WhiteElo "1852"]
[BlackElo "1625"]
[PlyCount "84"]
[EventDate "2011.08.20"]
[EventType "swiss"]
[EventRounds "11"]
[EventCountry "RUS"]
[SourceTitle "EXT 2023"]
[Source "ChessBase"]
[SourceDate "2022.10.05"]
[SourceVersion "1"]
[SourceVersionDate "2022.10.05"]
[SourceQuality "1"]

1. c4 c5 2. Nc3 Nc6 3. d3 Nf6 4. Nf3 g6 5. g3 Bg7 6. Bg2 0-0 7. e4 e6 8. 0-0 d5 9. Bg5 d4 10. Ne2 h6 11. Bxf6 Qxf6 12. a3 a5 13. b3 Bd7 14. Nd2 Ne5 15. Qc2 Bc6 16. h3 g5 17. f4 Ng6 18. e5 Qe7 19. Bxc6 bxc6 20. Kh2 gxf4 21. gxf4 Nh4 22. Ng3 Nf5 23. Nxf5 exf5 24. Rae1 Ra7 25. a4 Kh8 26. Qd1 Qh4 27. Qf3 Rc8 28. e6 Re7 29. Rg1 fxe6 30. Re2 e5 31. Rge1 Rce8 32. fxe5 Rxe5 33. Rxe5 Rxe5 34. Rg1 Re3 35. Qxf5 Be5+ 36. Kh1 Rxh3+ 37. Kg2 Rg3+ 38. Kf1 Rxg1+ 39. Kxg1 Qh2+ 40. Kf1 Bg7 41. Ne4 Qh1+ 42. Kf2 Qh2+ 1/2-1/2

[Event "Omsk op"]
[Site "Omsk"]
[Date "2008.07.10"]
[Round "6"]
[White "Miminoshvily, Merab"]
[Black "Lunga, Oleg"]
[Result "1-0"]
[WhiteElo "1853"]
[BlackElo "1678"]
[PlyCount "77"]
[EventDate "2008.07.01"]
[EventType "swiss"]
[EventRounds "11"]
[EventCountry "RUS"]
[SourceTitle "EXT 2022"]
[Source "ChessBase"]
[SourceDate "2021.10.06"]
[SourceVersion "1"]
[SourceVersionDate "2021.10.06"]
[SourceQuality "1"]

1. c4 e5 2. Nc3 Nf6 3. d3 Be7 4. Nf3 Nc6 5. g3 d5 6. cxd5 Nxd5 7. Bd2 Be6 8. Bg2 Qd7 9. 0-0 0-0-0 10. a3 f5 11. b4 Bf6 12. Rc1 h6 13. b5 Nce7 14. Qa4 Kb8 15. Nxd5 Nxd5 16. Rfd1 Bf7 17. Ba5 Be8 18. e4 Nb6 19. Bxb6 cxb6 20. Rb1 a6 21. Bh3 g6 22. d4 exd4 23. e5 Be7 24. Rxd4 Qc7 25. Rxd8+ Bxd8 26. Bf1 Rh7 27. Qb3 a5 28. a4 g5 29. Bd3 g4 30. Bxf5 gxf3 31. Bxh7 Qxh7 32. Rd1 Bc7 33. Qxf3 Qc2 34. Qg4 h5 35. Qd4 Ka7 36. f4 Qc5 37. Kf2 Bf7 38. Qxc5 bxc5 39. Rd7 1-0

[Event "Omsk-ch sf op"]
[Site "Omsk"]
[Date "2007.06.25"]
[Round "7"]
[White "Miminoshvily, Merab"]
[Black "Andreev, Pavel"]
[Result "0-1"]
[WhiteElo "1832"]
[BlackElo "2007"]
[PlyCount "134"]
[EventDate "2007.06.17"]
[EventType "swiss"]
[EventRounds "11"]
[EventCountry "RUS"]
[SourceTitle "EXT 2022"]
[Source "ChessBase"]
[SourceDate "2021.10.06"]
[SourceVersion "1"]
[SourceVersionDate "2021.10.06"]
[SourceQuality "1"]

1. c4 e5 2. Nc3 Nf6 3. d3 d5 4. cxd5 Nxd5 5. Bd2 Be7 6. Nf3 Nc6 7. g3 0-0 8. Bg2 Be6 9. 0-0 f6 10. a3 a5 11. Rc1 Nb6 12. Be3 Nd4 13. Bxd4 exd4 14. Ne4 Kh8 15. Qc2 Rc8 16. Nc5 Bd5 17. Nxd4 Bxg2 18. Nde6 Qd5 19. e4 Qh5 20. Kxg2 Rf7 21. Nxb7 f5 22. Nf4 Qg4 23. f3 Qg5 24. e5 Qh6 25. Qc6 g6 26. Qe6 Qf8 27. Nxa5 Bg5 28. Nc4 Re8 29. Qc6 Nxc4 30. Qxc4 Rxe5 31. Rce1 Rc5 32. Qb3 Bxf4 33. gxf4 Re7 34. Qa4 Qf6 35. Rxe7 Qxe7 36. Qd4+ Kg8 37. Rf2 Rc1 38. Qe5 Qxe5 39. fxe5 Kf7 40. Rd2 Ke6 41. f4 Kd5 42. d4 h6 43. h4 c6 44. Kf2 Rh1 45. Kg3 Re1 46. Kf3 Rh1 47. Re2 Ke6 48. Rg2 Rh3+ 49. Rg3 Rxh4 50. Rxg6+ Kd5 51. Rd6+ Kc4 52. e6 Rh3+ 53. Kg2 Re3 54. Kf2 Re4 55. Kf3 h5 56. Rxc6+ Kxd4 57. e7 Rxe7 58. Rh6 Re3+ 59. Kf2 Rb3 60. Rxh5 Ke4 61. Rh4 Rxb2+ 62. Ke1 Rb3 63. a4 Ra3 64. Rh8 Rxa4 65. Kf1 Ra1+ 66. Ke2 Kxf4 67. Rh4+ Kg3 0-1

[Event "Omsk-ch sf op"]
[Site "Omsk"]
[Date "2007.06.17"]
[Round "1"]
[White "Pozdniakov, Vladimir"]
[Black "Miminoshvily, Merab"]
[Result "1/2-1/2"]
[WhiteElo "2241"]
[BlackElo "1832"]
[PlyCount "107"]
[EventDate "2007.06.17"]
[EventType "swiss"]
[EventRounds "11"]
[EventCountry "RUS"]
[SourceTitle "EXT 2022"]
[Source "ChessBase"]
[SourceDate "2021.10.06"]
[SourceVersion "1"]
[SourceVersionDate "2021.10.06"]
[SourceQuality "1"]

1. c4 e5 2. g3 f5 3. Bg2 Nf6 4. Nc3 c6 5. d4 e4 6. Bg5 Bb4 7. Qb3 Bxc3+ 8. Qxc3 h6 9. Bxf6 Qxf6 10. e3 0-0 11. Ne2 d5 12. cxd5 cxd5 13. Qb3 Rd8 14. Nc3 Qf7 15. 0-0 Nc6 16. f3 Na5 17. Qc2 Nc4 18. Rae1 Qe6 19. fxe4 fxe4 20. b3 Nb6 21. Rc1 Bd7 22. Qd2 Bc6 23. a4 a6 24. Rf2 Rf8 25. Rcf1 Rxf2 26. Rxf2 Nd7 27. Ne2 Nf6 28. h3 Re8 29. Qb4 Qe7 30. Qxe7 Rxe7 31. Rf1 Re8 32. Rc1 Rd8 33. Nc3 Rd6 34. Bf1 Nh7 35. Be2 Ng5 36. Kg2 Rf6 37. Rf1 Rd6 38. h4 Nh7 39. g4 Rf6 40. Kg3 g5 41. b4 Rxf1 42. Bxf1 Nf6 43. Be2 Kf7 44. Bd1 Ke6 45. Bb3 Kd6 46. Nd1 Bd7 47. Nf2 b5 48. a5 Be6 49. Bd1 Nh7 50. Be2 Bd7 51. Nd1 Nf6 52. hxg5 hxg5 53. Nf2 Ke6 54. Nh3 1/2-1/2